00921nam a22002537a 450000500170000001000150001702000260003202000230005803500130008103700130009408200190010710000250012624500940015126000440024527000490028930000330033850000500037165000200042165000170044170000250045894200280048399900170051195201390052820140101161153.0 aENG-108945 a9781259098611c650.00 a1259098613c650.00 aEN-92478 bDBAD/PUB 2 22a621.38152 aAnderson, Betty Lise aFundamentals of semiconductor devices /cby Betty Lise Anderson [and] Richard L. Anderson aNew DelhibMcGraw Hill Education c2013 aP-24,Green Park ExtensionbNew Delhie110016 axv, 800p. :c24cm(pbk)bill. aIncludes bibliographical references and index a Semiconductors a Transistors aAnderson, Richard L. 2ddccENmANDh621.38152 c81491d81491 001040718NFICaDBADbDBADd2013-12-24eDBAD/PUBg650.00l0o621.38152 ANDpEN-92478r2013-12-24 00:00:00t1v650.00w2013-12-24yEN